000 00591nam a22002057a 4500
005 20260529144315.0
010 _aENG-148681
020 _a9789347590467
_c225.00
035 _aEN-132213
037 _bDBAD
082 _aN
_21
100 _aNietzsche, Friedrich
_989236
245 _aBeyond Good and Evil/
_cFriedrich Nietzsche
250 _a1
260 _aChandigarh
_bThe Browser
_c2026
270 _bChandigarh
_aSCO 14-15, Sector 8-C
_e160009
_mservice@thebrowser.org
300 _a157p.
_c20cm(pb)
500 _aPrelude to a Philosophy of the Future
942 _2ddc
_cEN
_hN
_mNIE
999 _c216402
_d216402